000 01065nam0a2200313 4500
001 RU\NLR\bibl\1992252
005 20250616211906.0
010 _a978-5-4438-0156-8
_92000
021 _aRU
_b2012-102836
_97577
035 _a(NLR Aleph) 001980756
090 _a4086896
_c4086896
100 _a20130125d2013 |||y0rusy50 ca
101 0 _arus
102 _aRU
105 _aa |||||||||
200 1 _aГерои и подлецы Смутного времени
_fВячеслав Манягин
210 _aМосква
_cАлгоритм
_d2013
215 _a301, [2] с.
_cил., портр.
_d21
225 1 _a1612. Освобождение
320 _aБиблиогр. в подстроч. примеч.
606 1 _a"Смутное время"
_91395681
_3RU\NLR\auth\66587021
686 _aТ3(2)45,02
700 1 _aМанягин
_bВ. Г.
_f1960-
_gВячеслав Геннадьевич
_4070
801 0 _aRU
_bNLR
_c20130125
_gRCR
801 1 _aRU
_bNLR
_c20130125
830 _aавт. по кн.
942 _cBOOK
980 _aNB